000 01778cam a22001934a 4500
005 20250605164342.0
008 250528s ||||||||||||||||||||||||d
035 _a23635
040 _aGR-AtMCL
_bgre
_dGR-AtMCL
_eAACR2
245 1 _aΟργάνωση Αποθηκών Τροφίμων.
260 _c2014
300 _a45
520 _aΕισαγωγή, Εφοδιαστική Αλυσίδα, τι είναι Εφοδιαστική Αλυσίδα, τι είναι Logistics, η Χρησιμότητα των Logistics στις Επιχειρήσεις, η Θέση των Logistics στην Οργανωτική Δομή της Επιχείρησης, Αποθήκευση (Warehousing), Σχεδιασμός Αποθηκευτικού Δικτύου, Συσκευασμένα Τρόφιμα, Αξιοποίηση Χώρου, Βασική Χωροθέτηση, Χωροθέτηση Αποθήκης, Επιλογή Συστημάτων Αποθήκευσης, Διαδικασία Παραλαβής, Αποκλίσεις, Απόθεση Χωρίς Τερματικό Ανάγνωσης Barcode, Αποθέματα, το Φαινόμενο του Μαστιγίου, τα Αίτια και οι Επιπτώσεις του Φαινομένου, οι κανόνας Preto (ABC ανάλυση), Διαδικασίας Συλλογής και Ελέγχου Παραγγελιών (Order Picking), Μέθοδοι Picking, Μέθοδοι Προετοιμασίας Παραγγελίων, Απογραφή, Διαχείρηση Επιστροφών Εμπορευμάτων, Φόρτωση, Παραπομπές.
700 1 _aΛάμπρος Νίκου
_99228
700 1 _aΠρόντζας Παναγιώτης
_99225
942 _cDS
999 _c8632
_d8632